Charakteristika a vývoj amerického trhu s CP bakalárska práca

Enregistré dans:
Détails bibliographiques
Auteur principal: Bónová, Réka
Collectivité auteur: Fakulta podnikového manažmentu EU. Katedra podnikových financií
Autres auteurs: Rusina, Michal
Format: Livre
Langue:slovaque
Publié: Bratislava 2012
Tags: Ajouter un tag
Pas de tags, Soyez le premier à ajouter un tag!

MARC

LEADER 00000nbm a2200000 4500
001 0154164
005 20161109111824.3
041 0 |a slo 
044 |a SK 
245 1 0 |a Charakteristika a vývoj amerického trhu s CP  |b bakalárska práca  |c Réka Bónová ; školiteľ: Michal Rusina 
264 1 |a Bratislava  |c 2012 
300 |a 48 s. 
100 1 |a Bónová, Réka 
700 1 |a Rusina, Michal 
710 2 |a Fakulta podnikového manažmentu EU. Katedra podnikových financií